00654nam a22000977a 4500040000800000082003000008100005300038245042000091260002600511300001900537 cRUA aLMA TRY 2024 B701 Or.1  aTRY THEARITH, ទ្រី ធារិទ្ធ aA Study On The Effectiveness Of Systematic Land Registration In Khchay Khang Cheung Commune, Dong Tong District, Kampot Provincen,សិក្សាអំពីប្រសិទ្ធភាពក្នុងការចុះបញ្ជីដីធ្លីលក្ខណៈជាប្រព័ន្ធ នៅឃុំខ្ចាយខាងជើង ស្រុកដងទង់ ខេត្តកំពត aPHNOM PENHbRUAc2024 ax,bill,c29m,